000 02401 a2200217 4500
999 _c26616
_d26616
008 230621b ||||| |||| 00| 0 eng d
020 _a9781398604438
_cGBP39.99
041 0 _aeng
082 0 0 _a658.5
_bG7611
100 _aGrant, David B.
245 _aSustainable Logistics and Supply Chain Management : Principles and Practices for Sustainable Operations and Management /
_cDavid B. Grant, Alexander Trautrims
250 _a3rd ed.
260 _aLondon:
_bKogan Page Limited,
_c2023.
300 _axiii, 288 p. :
_bill. ;
_c24 cm
505 0 _aChapter - 00: Introduction;Chapter - 01: Logistics and supply chain management;Chapter - 02: Science of sustainability;Chapter - 03: Freight transport;Chapter - 04: Sustainable warehousing;Chapter - 05: Product design, cleaner production and packaging;Chapter - 06: Sustainable purchasing and procurement;Chapter - 07: Reverse logistics and recycling;Chapter - 08: Risk, resilience and corporate social responsibility;Chapter - 09: Sustainable logistics and supply chain management strategy
520 _aOur daily lives are permeated by the activities of logistics and supply chain, from food and clothing to doorstep deliveries. As these processes have the ability to significantly impact the natural environment, it has never been so important to develop and implement sustainable principles and practices. Sustainable Logistics and Supply Chain Management is an essential textbook for undergraduate and postgraduate students for understanding sustainability as it pertains to logistics operations. This book covers the direct environmental impacts of logistics and supply chain processes, including emissions and waste, as well as how wider changes such as globalization need to be given similar considerations. Presenting different pathways to guide readers, case studies and supported by extensive research, this book provides all the support needed to understand and implement a sustainable approach. Now in its third edition, Sustainable Logistics and Supply Chain Management is fully updated with the latest research and data including trends in logistics and supply chain management and new cases. Online resources include instructor manuals, lecturer slides and a complied list of figures and tables.
650 0 _aBusiness Logistics
700 _95515
_aTrautrims, Alexander
700 _95516
_aWong, Chee Yew
942 _2ddc
_cBK